Nazwy piesków sts - Statystyki

Ogólne statystyki
  • Ten quiz został rozwiązany 10 razy
  • Średni wynik to 2 z 39
Statystyki odpowiedzi
Odpowiedz % Poprawnych
Reks
60%
Daina
20%
Dakar
20%
Demon
20%
Frodo
20%
Goliat
20%
Hades
20%
Opel
20%
Pele
20%
Szogun
20%
Agat
0%
Apollo
0%
Apollo
0%
Chmura
0%
Deante
0%
Dingo
0%
Dragon
0%
Fiesta
0%
Hektor
0%
Hera
0%
Ikar
0%
Kleo
0%
Kropka
0%
Kruszyna
0%
Leon
0%
Linda
0%
Luka
0%
Margaret
0%
Orion
0%
Platon
0%
Pluto
0%
Portos
0%
Puma
0%
Seba
0%
Simba
0%
Siwek
0%
Tytus
0%
Wicher
0%
Zawisza
0%
Nie znaleziono quizów pasujących do podanych kryteriów
Rozkład punktacji
Procent ludzi z każdym wynikiem
Percentyl według liczby udzielonych odpowiedzi
Twoja historia wyników
Nie rozwiązałeś tego quizu